Behavioural Economics for Business the Science of Getting People to Take Action

Na minha lista:
Detalhes bibliográficos
Autor principal: Williams, Bri
Formato: Livro
Idioma:inglês
Publicado em: [San Francisco] [Blurb] 2016
Assuntos:
Tags: Adicionar Tag
Sem tags, seja o primeiro a adicionar uma tag!

MARC

LEADER 00000nam a2200000 4500
001 0283417
005 20240416113824.9
020 |a 978-1-36-750731-9 
041 0 |a eng 
044 |a US 
245 1 0 |a Behavioural Economics for Business  |b the Science of Getting People to Take Action  |c Bri Williams 
264 1 |a [San Francisco]  |b [Blurb]  |c 2016 
300 |a 240 s. 
610 2 0 |a ekonómia behaviorálna 
610 2 0 |a podnikanie 
610 2 0 |a rozhodovanie manažérske 
610 2 0 |a rozhodovanie podnikové 
610 2 0 |a riadenie zmien 
610 2 0 |a prieskum trhu 
610 2 0 |a tvorba cien 
610 2 0 |a nákup 
610 2 0 |a zákazníci 
610 2 0 |a stránky webové 
610 2 0 |a riadenie ľudských zdrojov 
610 2 0 |a stratégia podnikateľská 
610 2 0 |a inovácie technologické 
100 1 |a Williams, Bri